Tottenham Hotspur Trivia- 2006-2014 - Statistics

General Stats
  • This quiz has been taken 635 times
  • The average score is 12 of 20
Answer Stats
Hint Answer % Correct
What year did Spurs qualify for the Champions League within the Premier League era? 2010
93%
Which recurring injury finally forced club legend Ledley King into retirement in 2012? Knee Injury
88%
Who scored the winning goal vs Man City which set them up to qualify for the Champions League? Peter Crouch
87%
Who is Tottenham's record signing as of November 2014? Erik Lamela
76%
Who scored the winning goal against Chelsea in the 2008 Carling Cup Final? Jonathan Woodgate
75%
What was the final score when Spurs played Wigan at White Hart Lane in November 2009? 9-1
73%
Which team thrashed Tottenham 5-0 on aggregate in the Champions League quarter final? Real Madrid
73%
how many goals did Roberto Soldado score in his first season at Spurs? (in all competitions) 11
70%
What is the highest number of points that Spurs have managed since 2006/07 in a single Premier League season? 72
65%
How many goals did Gareth Bale score in his final season for Tottenham? (in all competitions) 26
63%
Harry Redknapp once famously said this about which Tottenham player's last minute open goal miss?- 'My missus could have scored that one' Darren Bent
60%
Which country was former player Teemu Tainio from? Finland
59%
Which member of Spurs' coaching staff had a heated dispute with Gattuso after their 1-0 victory over AC Milan at the San Siro in the Champions League round of 16? Joe Jordan
47%
Who's missing from this list? Chadli, Lamela, Eriksen, Soldado, Capoue, Chiriches... Paulinho
47%
Who were Spurs' Premier League shirt sponsor throughout the 2013/14 season Hewlett Packard
40%
Approximately how much did Tottenham pay upfront for 17 year old Gareth Bale in 2007? £5 Million
37%
Who did Tottenham draw 2-2 with in their opening Champions League group game? Werder Bremen
34%
Who was the final scorer in Tottenham's famous 5-1 Carling Cup second leg victory against Arsenal? Steed Malbranque
28%
Modric, Corluka and Kranjcar were 3 of 4 Croatian players to have played for Spurs since 2006/07. Who was the other? Stipe Pletikosa
25%
Who was their 3rd choice goalkeeper thorughout the 2006/07 season? Ben Alnwick
17%
No matching quizzes found
Score Distribution
Percent of People with Each Score
Percentile by Number Answered
Your Score History
You have not taken this quiz